000 01065cam a2200277 a 4500
001 32426
003 BD-RJUL
005 20211209051832.0
008 140426s1953 mau 001 0 eng d
035 _a(BD-RJUL)32515
040 _aVXX
_cVXX
_dBD-RJUL
_beng
041 0 _aenggrc
082 _a188
_bSES V-3 1953
100 0 _aSextus,
_993711
245 1 0 _aSextus Empiricus /
_cwith an English translation by R. G. Bury.
_nVolume III :
_pAgainst the physicists, against the ethicists.
250 _aRev. and repr.
260 _aCambridge, Mass. ;
_bHarvard University Press ;
_aLondon :
_bWilliam Heinemann,
_c1953.
300 _avii, 555 p. [10] ;
_c17 cm.
490 1 _aLoeb classical library
504 _aincludes index.
505 0 _aV. 1. Outlines of Pyrrhonism. -- v. 2. Against the logicians. -- v. 3. Against the physicists. Against the ethicists. -- v. 4. Against the professors.
650 0 _aPhysique
_xPhilosophie.
_998660
700 1 _aBury, Robert Gregg,
_d1869-
_993712
830 0 _aLoeb classical library
_998664
942 _2ddc
_cBK
999 _c32426
_d32426